000 00729nam a2200229 a 4500
001 42960
003 BD-RjUL
005 20211209053625.0
008 160618s1966 enkabf b 000 0 eng
035 _a(BD-RjUL)43078
040 _aDLC
_cOUN
_dSER
_dOCL
_dBD-RjUL
_beng
041 _aeng
082 _223
_a324.202142
_bMIB 1966
100 1 _aMitchell, B. R.
_q(Brian R.)
_9131929
245 1 0 _aBritish parliamentary election results 1950-1964 /
_cby B.R. Mitchell and Klaus Boehm
260 _aCambridge :
_bCambridge University Press,
_c1966,
300 _aviii, 135 p. :
_bill ;
_c24 cm.
504 _aBibliography: p. vii
610 1 0 _aGreat Britain.
_bParliament
_9131932
700 1 _aBoehm, Klaus.
_9131931
942 _2ddc
_cBK
999 _c42960
_d42960